Caín, el hombre : Misterios trágico / [por] Emma Godoy

Saved in:
Bibliographic Details
Main Author: Godoy, Emma (autor)
Format: Book
Edition:79 p.
Subjects:
Tags: Add Tag
No Tags, Be the first to tag this record!

MARC

LEADER 00000nam^a2200000^u^4500
001 000540750
005 20250521000000.0
008 060220s1000^^^^^^^^^^^^r^^^^^000^0^spa^d
009 20260310131210.677
035 |a FMI 000008853 
037 |a Acervo Xavier Clavigero 
096 |a 9.6/2/C 
100 |a Godoy, Emma  |e (autor) 
245 1 0 |a Caín, el hombre : Misterios trágico / [por] Emma Godoy 
250 |a 79 p. 
264 |a México : Jus, 1984 
300 |a 6a ed. 
336 |a texto  |b txt  |2 rdacontenido 
337 |a sin mediación  |b n  |2 rdamedio 
338 |a volumen  |b nc  |2 rdasoporte 
649 |a XX 
650 |a TEATRO 
910 |a Fondo Francisco Migoya Covarrubias S.J. 
920 |a Impresos - Libros 
930 |a Fondos Especiales 
905 |a 134 
901 |a SBC04798  |b IT2  |c ESP  |u 20250521 
902 |a https://opac.biblio.iteso.mx/vufind/Record/000540750